Online Catalogue and eLibrary

On violence (Record no. 2879)

MARC details
000 -LEADER
fixed length control field 00357nam a2200157Ia 4500
005 - DATE AND TIME OF LATEST TRANSACTION
control field 20240607052425.0
008 - FIXED-LENGTH DATA ELEMENTS--GENERAL INFORMATION
fixed length control field 240331s9999 xx 000 0 und d
020 ## - INTERNATIONAL STANDARD BOOK NUMBER
ISBN 0156695006
082 ## - DDC Classification
Item Number - Author Mark ARE
Class No. 363
100 ## - MAIN ENTRY--PERSONAL NAME
Personal name Arendt, H
245 #0 - TITLE STATEMENT
Title On violence
260 ## - PUBLICATION, DISTRIBUTION, ETC.
Place of publication, distribution, etc. San Diego
Name of publisher, distributor, etc. A Harvest Book
Date of publication, distribution, etc. 1970
300 ## - PHYSICAL DESCRIPTION
Extent (e.g. Volumes, Pages etc.) 106 p.,
650 ## - SUBJECT ADDED ENTRY--TOPICAL TERM
Topical term or geographic name entry element Violence
942 ## - Koha item type (Biblio)
Koha item type Books in Stacks (Lending)
Holdings
Lost status Damaged status Collection code Home library Current library Shelving location Date acquired Full call number Accession Number Item type
    Lending WERC Library WERC Library Social Science Cupboard 03/31/2024 363.3 ARE 4420 Books in Stacks (Lending)

© WERC Library